[Event "IMSA Elite Mind Games (Women's Blitz)"]
[Site "Huai'an CHN"]
[Date "2016.03.01"]
[EventDate "2016.02.28"]
[Round "22.7"]
[Result "1/2-1/2"]
[White "Valentina Gunina"]
[Black "Anna Ushenina"]
[WhiteElo "2496"]
[BlackElo "2450"]
[PlyCount "106"]

1. d4 d5 2. c4 c6 3. Nf3 Nf6 4. e3 a6 5. Be2 Bf5 6. O-O h6
7. Qb3 Ra7 8. Nc3 e6 9. Bd2 Nbd7 10. Rac1 Bd6 11. cxd5 exd5
12. Na4 Qe7 13. Ba5 O-O 14. Bd3 Bxd3 15. Qxd3 Ne4 16. Nd2 Nxd2
17. Bxd2 Raa8 18. a3 Rae8 19. Nc3 Nf6 20. h3 Ne4 21. Nxe4 Qxe4
22. Qxe4 Rxe4 23. b4 f5 24. g3 g5 25. Rfe1 Rfe8 26. Kg2 Kf7
27. a4 f4 28. b5 axb5 29. axb5 fxe3 30. fxe3 Rc8 31. bxc6 bxc6
32. Rf1+ Kg6 33. Rc2 c5 34. dxc5 Rxc5 35. Rxc5 Bxc5 36. Kf3
Rc4 37. Ra1 Rc2 38. Ra6+ Kg7 39. Ba5 d4 40. exd4 Bxd4 41. Kg4
Rg2 42. Bc7 Rc2 43. Bb8 Rc8 44. Ba7 Bxa7 45. Rxa7+ Kg6
46. Ra6+ Kg7 47. Kh5 Rc3 48. Ra7+ Kf6 49. Ra6+ Kg7 50. Kg4
Rc4+ 51. Kh5 Rc3 52. Ra7+ Kf6 53. Ra6+ Ke5 1/2-1/2

[Event "IMSA Elite Mind Games (Women's Blitz)"]
[Site "Huai'an CHN"]
[Date "2016.03.01"]
[EventDate "2016.02.28"]
[Round "23.3"]
[Result "1/2-1/2"]
[White "Anna Ushenina"]
[Black "Nana Dzagnidze"]
[WhiteElo "2450"]
[BlackElo "2529"]
[PlyCount "101"]

1. d4 Nf6 2. c4 e6 3. Nf3 d5 4. Nc3 dxc4 5. e3 a6 6. Bxc4 b5
7. Be2 Bb7 8. O-O Nbd7 9. b3 Be7 10. Bb2 O-O 11. Rc1 c5 12. a4
b4 13. Nb1 cxd4 14. Nxd4 Rc8 15. Nd2 Rxc1 16. Qxc1 Qa8 17. f3
Rc8 18. Nc4 Ne5 19. Qd2 Nxc4 20. Bxc4 Bd5 21. Be2 Bc5 22. Rc1
a5 23. Kh1 Bxd4 24. Bxd4 Bxb3 25. Bb5 Bd5 26. e4 Bc6 27. Ra1
Ne8 28. Qg5 Qb7 29. h4 h6 30. Qe5 Bxb5 31. axb5 Ra8 32. b6 a4
33. Qb5 a3 34. Qxb4 a2 35. Qb2 Qd7 36. b7 Rb8 37. Be5 Rxb7
38. Qxa2 Rb5 39. Bg3 Qb7 40. Qc2 Rb2 41. Qd3 Rb3 42. Qd4 Rb1+
43. Rxb1 Qxb1+ 44. Kh2 Qb5 45. Qd8 f6 46. Qe7 e5 47. Qe6+ Kh7
48. Qf5+ Kg8 49. Qe6+ Kh7 50. Qf5+ Kg8 51. Qe6+ 1/2-1/2

[Event "IMSA Elite Mind Games (Women's Blitz)"]
[Site "Huai'an CHN"]
[Date "2016.03.01"]
[EventDate "2016.02.28"]
[Round "24.6"]
[Result "1/2-1/2"]
[White "Bela Khotenashvili"]
[Black "Anna Ushenina"]
[WhiteElo "2502"]
[BlackElo "2450"]
[PlyCount "133"]

1. Nf3 d5 2. g3 Nf6 3. Bg2 c6 4. O-O Bg4 5. d3 Nbd7 6. h3 Bh5
7. Qe1 e6 8. e4 Nc5 9. e5 Nfd7 10. Nbd2 a5 11. d4 Na6 12. a3
Be7 13. c4 O-O 14. Qe3 Nc7 15. Re1 dxc4 16. Nxc4 Nd5 17. Qe2
b5 18. Ne3 N7b6 19. Bd2 Nxe3 20. Bxe3 Nd5 21. Rac1 Qb6 22. g4
Bg6 23. h4 Be4 24. Bh3 Bxf3 25. Qxf3 Rac8 26. g5 c5 27. dxc5
Bxc5 28. Bxc5 Rxc5 29. Rxc5 Qxc5 30. Bf1 b4 31. axb4 Qxb4
32. Qe4 Qxb2 33. Bd3 g6 34. h5 Qb4 35. h6 Qxe4 36. Bxe4 a4
37. Ra1 Ra8 38. Ra3 Ra5 39. Kf1 Kf8 40. Ke2 Ke7 41. Kd3 Nb6
42. f4 Rc5 43. Kd4 Rc4+ 44. Kd3 Kd7 45. Ra1 Rb4 46. Rc1 Rb3+
47. Kd4 Rb4+ 48. Kd3 a3 49. Ra1 Na4 50. Ke3 Nc3 51. Bd3 Nd5+
52. Kd2 Nxf4 53. Rxa3 Rd4 54. Ra7+ Kd8 55. Rxf7 Nxd3 56. Kc3
Rd5 57. Rxh7 Nxe5 58. Rg7 Rc5+ 59. Kb3 Rb5+ 60. Ka4 Rb1 61. h7
Rh1 62. Rg8+ Ke7 63. h8=Q Rxh8 64. Rxh8 Nf7 65. Rg8 Nxg5
66. Rxg6 Nf7 67. Rxe6+ 1/2-1/2

[Event "IMSA Elite Mind Games (Women's Blitz)"]
[Site "Huai'an CHN"]
[Date "2016.03.01"]
[EventDate "2016.02.28"]
[Round "26.5"]
[Result "1-0"]
[White "Monika (Bobrowska) Socko"]
[Black "Anna Ushenina"]
[WhiteElo "2448"]
[BlackElo "2450"]
[PlyCount "151"]

1. d4 d5 2. c4 c6 3. cxd5 cxd5 4. Nc3 Nf6 5. Bf4 Nc6 6. e3 Bf5
7. Qb3 Na5 8. Qa4+ Bd7 9. Bb5 e6 10. Nf3 a6 11. Bxd7+ Nxd7
12. O-O Nc6 13. Rac1 Be7 14. Qb3 Na5 15. Qd1 Nc4 16. b3 Nd6
17. Na4 O-O 18. Nc5 Nxc5 19. dxc5 Ne4 20. c6 bxc6 21. Rxc6 a5
22. Nd4 a4 23. Qc2 axb3 24. axb3 Qa5 25. f3 Nf6 26. Rb1 Bb4
27. Bd6 Bxd6 28. Rxd6 Rfc8 29. Rc6 Rxc6 30. Qxc6 Qa2 31. Rc1
h6 32. b4 Rb8 33. b5 Qd2 34. Qc3 Qxc3 35. Rxc3 e5 36. Nc6 Rxb5
37. Nxe5 Rb2 38. Rc8+ Kh7 39. Nxf7 Re2 40. Rc3 Kg6 41. Ne5+
Kf5 42. Nc6 Rd2 43. Nd4+ Kg6 44. Rc2 Rd3 45. Kf2 Nd7 46. Ke2
Ra3 47. Rc6+ Kh7 48. Rc7 Ra2+ 49. Rc2 Ra3 50. Nb5 Rb3 51. Nc7
Nf6 52. Rd2 h5 53. Nxd5 Nd7 54. e4 h4 55. h3 Ne5 56. Ne3 g5
57. Rc2 Ng6 58. Nd5 Ne5 59. f4 gxf4 60. Nxf4 Kh6 61. Rd2 Kg5
62. Nd3 Nc4 63. Rc2 Na3 64. Rc5+ Kf6 65. e5+ Kf5 66. Rc8 Nb5
67. Rf8+ Kg6 68. Ke3 Nc7 69. Rf6+ Kg5 70. Rd6 Nb5 71. Rd7 Kf5
72. Kd2 Na3 73. e6 Nc4+ 74. Kc2 Rb8 75. e7 Nb6 76. Rd8 1-0

[Event "IMSA Elite Mind Games (Women's Blitz)"]
[Site "Huai'an CHN"]
[Date "2016.03.01"]
[EventDate "2016.02.28"]
[Round "27.5"]
[Result "1-0"]
[White "Anna Ushenina"]
[Black "Irina Krush"]
[WhiteElo "2450"]
[BlackElo "2458"]
[PlyCount "75"]

1. d4 e6 2. c4 Bb4+ 3. Nd2 d5 4. e3 Nf6 5. Qa4+ Nc6 6. a3 Be7
7. Ngf3 O-O 8. Qc2 a6 9. Bd3 dxc4 10. Nxc4 b5 11. Nce5 Nxe5
12. dxe5 Nd5 13. Bxh7+ Kh8 14. Be4 c5 15. h4 Bb7 16. h5 Qc7
17. Bd2 c4 18. Nh4 Qxe5 19. f4 Qd6 20. g4 Bxh4+ 21. Rxh4 f5
22. Bh1 Qe7 23. Rh2 fxg4 24. O-O-O Nf6 25. Rg1 Bxh1 26. Rhxh1
Qb7 27. h6 Qe4 28. hxg7+ Kxg7 29. Rxg4+ Kf7 30. Qxe4 Nxe4
31. Rh7+ Kf6 32. Be1 Rg8 33. Rh6+ Kf5 34. Rgh4 Rg1 35. Kd1
Rd8+ 36. Ke2 Rg2+ 37. Kf3 Rxb2 38. R4h5+ 1-0

[Event "IMSA Elite Mind Games (Women's Blitz)"]
[Site "Huai'an CHN"]
[Date "2016.03.01"]
[EventDate "2016.02.28"]
[Round "28.4"]
[Result "0-1"]
[White "Alexandra Kosteniuk"]
[Black "Anna Ushenina"]
[WhiteElo "2554"]
[BlackElo "2450"]
[PlyCount "122"]

1. e4 c5 2. Nf3 d6 3. d4 cxd4 4. Nxd4 Nf6 5. Nc3 a6 6. Be2 e5
7. Nb3 Be7 8. O-O O-O 9. Re1 Be6 10. Bf3 Nbd7 11. a4 Qb8
12. a5 Rc8 13. Be3 Bd8 14. Be2 Rc6 15. Bd3 b5 16. axb6 Bxb6
17. Bxb6 Rxb6 18. Na4 Rb4 19. Na5 Qc7 20. c3 Rbb8 21. b4 Nb6
22. Nxb6 Rxb6 23. Qd2 Rab8 24. Ra3 h6 25. h3 Nh5 26. Bf1 Nf4
27. h4 Qe7 28. g3 Nh5 29. Nc4 Rc6 30. Ne3 Qb7 31. Rea1 Rb6
32. Nd5 Bxd5 33. Qxd5 Nf6 34. Qxb7 R8xb7 35. Bxa6 Rc7 36. Bd3
d5 37. Ra8+ Kh7 38. exd5+ e4 39. Bc2 Rxc3 40. R8a2 Rxb4
41. Rd1 Rbc4 42. Bb1 Rc1 43. Rd2 Rxd1+ 44. Rxd1 Kg8 45. d6 Nd7
46. Kf1 Kf8 47. Ke2 f5 48. h5 Ke8 49. Rd2 Nf6 50. Ba2 Rc5
51. Be6 Re5 52. Bb3 Nxh5 53. Ba4+ Kd8 54. d7 Ra5 55. Rd4 Nf6
56. Rb4 Nxd7 57. Rd4 Ra7 58. Ke3 Ke7 59. Kf4 g6 60. g4 Nc5
61. Bc6 Ne6+ 0-1

[Event "IMSA Elite Mind Games (Women's Blitz)"]
[Site "Huai'an CHN"]
[Date "2016.03.01"]
[EventDate "2016.02.28"]
[Round "29.6"]
[Result "1-0"]
[White "Anna Ushenina"]
[Black "Zhao Xue"]
[WhiteElo "2450"]
[BlackElo "2506"]
[PlyCount "91"]

1. d4 e6 2. c4 b6 3. e4 Bb7 4. Bd3 Nc6 5. Ne2 Nb4 6. Nbc3
Nxd3+ 7. Qxd3 Ne7 8. O-O d5 9. cxd5 exd5 10. e5 Qd7 11. f4 g6
12. Ng3 h5 13. f5 h4 14. fxg6 fxg6 15. Nge2 O-O-O 16. Bg5 Bh6
17. Bxh6 Rxh6 18. Rf6 Kb8 19. Raf1 Rhh8 20. Nf4 Rdg8 21. a3 g5
22. Ne6 Bc8 23. b4 a6 24. a4 h3 25. g3 Qe8 26. b5 a5 27. Qf3
Rg6 28. Rf8 Rxf8 29. Nxf8 Rh6 30. Qf7 Qd8 31. e6 Qd6 32. Qe8
Kb7 33. Re1 Qb4 34. Re3 Qb2 35. Ne2 Qb1+ 36. Kf2 Rf6+ 37. Rf3
Rxf3+ 38. Kxf3 Qf5+ 39. Ke3 Qe4+ 40. Kd2 Nf5 41. Qc6+ Kb8
42. Nd7+ Bxd7 43. exd7 Qe3+ 44. Ke1 Qe7 45. Qxd5 Qb4+ 46. Kf2
1-0

[Event "IMSA Elite Mind Games (Women's Blitz)"]
[Site "Huai'an CHN"]
[Date "2016.03.01"]
[EventDate "2016.02.28"]
[Round "30.3"]
[Result "0-1"]
[White "Elisabeth Paehtz"]
[Black "Anna Ushenina"]
[WhiteElo "2472"]
[BlackElo "2450"]
[PlyCount "65"]

1. e4 c5 2. Nc3 d6 3. f4 g6 4. d4 cxd4 5. Qxd4 Nf6 6. Bd3 Nc6
7. Qf2 Bg7 8. Nf3 O-O 9. O-O e5 10. Qh4 Ng4 11. Qxd8 Rxd8
12. Nd5 Nf6 13. Nc7 Rb8 14. fxe5 dxe5 15. Bg5 h6 16. Bh4 g5
17. Bg3 Nh5 18. Bf2 Nf4 19. Bc4 Bg4 20. Nd5 Ne6 21. c3 b5
22. Bb3 a5 23. a3 Nf4 24. Be3 Be6 25. Rad1 Kh8 26. g3 Ng6
27. Rd2 b4 28. axb4 axb4 29. Ba4 Na5 30. Rd3 Nc4 31. Bc1 bxc3
32. bxc3 f5 33. Nd2 0-1

[Event "Russian Team Championship (Women)"]
[Site "Sochi RUS"]
[Date "2016.05.01"]
[EventDate "2016.05.01"]
[Round "1.2"]
[Result "1/2-1/2"]
[White "Anna Ushenina"]
[Black "Polina Maslova"]
[WhiteElo "2450"]
[BlackElo "2095"]
[PlyCount "122"]

1. c4 e5 2. g3 Nf6 3. Bg2 d5 4. cxd5 Nxd5 5. Nc3 Nb6 6. e3 g6
7. Nf3 Nc6 8. O-O Bg7 9. d4 O-O 10. d5 Ne7 11. e4 Nc4 12. b3
Nd6 13. a4 Bg4 14. h3 Bxf3 15. Bxf3 Qd7 16. Bg2 c6 17. Ba3
Rfd8 18. Rc1 cxd5 19. Nxd5 Nc6 20. f4 Kh8 21. Bb2 Ne8 22. f5
f6 23. h4 Ne7 24. fxg6 hxg6 25. Qe2 Qe6 26. Qb5 Nxd5 27. exd5
Qb6+ 28. Qxb6 axb6 29. g4 Nd6 30. Rc7 b5 31. axb5 Ra5 32. b6
Rb5 33. Ra1 Rxb6 34. Rc3 Rb4 35. Ra4 Rxa4 36. bxa4 Ra8 37. Ba3
Bf8 38. Bxd6 Bxd6 39. Rc4 Kg7 40. Kf2 f5 41. h5 Kh6 42. hxg6
Kxg6 43. gxf5+ Kxf5 44. Bh3+ Kf6 45. Bc8 b6 46. Kf3 Ra5
47. Be6 b5 48. axb5 Rxb5 49. Rc6 Ke7 50. Ra6 Rb4 51. Ra7+ Kf6
52. Rf7+ Kg6 53. Rd7 e4+ 54. Kg4 Be5 55. Re7 Kf6 56. Rf7+ Kg6
57. Rf5 e3+ 58. Kf3 Rf4+ 59. Kxe3 Rxf5 60. Bxf5+ Kxf5 61. d6
Bxd6 1/2-1/2

[Event "Russian Team Championship (Women)"]
[Site "Sochi RUS"]
[Date "2016.05.02"]
[EventDate "2016.05.01"]
[Round "2.3"]
[Result "1/2-1/2"]
[White "Ekaterina Ubiennykh"]
[Black "Anna Ushenina"]
[WhiteElo "2307"]
[BlackElo "2450"]
[PlyCount "151"]

1. d4 d5 2. c4 c6 3. Nf3 Nf6 4. e3 Bf5 5. Nc3 a6 6. Nh4 Bg4
7. Qb3 Ra7 8. h3 Bc8 9. Bd2 e6 10. Nf3 Nbd7 11. cxd5 cxd5
12. Rc1 Be7 13. Bd3 O-O 14. O-O b6 15. Na4 Bb7 16. Bb4 Bxb4
17. Qxb4 Ba8 18. Rc2 Qb8 19. Rfc1 g6 20. b3 Kg7 21. Nb2 Rd8
22. a4 a5 23. Qa3 e5 24. Bb5 e4 25. Nd2 Nf8 26. Nd1 Ne6
27. Be2 h5 28. Nc3 Rc7 29. Nb5 Rxc2 30. Rxc2 Rc8 31. Qc1 Rxc2
32. Qxc2 Ne8 33. f3 f5 34. f4 h4 35. Nf1 Bb7 36. Qc3 Qc8
37. Qe1 Qd8 38. b4 axb4 39. Qxb4 Ba6 40. Kf2 g5 41. fxg5 Nxg5
42. Nc3 Bxe2 43. Nxe2 Ne6 44. Nf4 Nxf4 45. exf4 Qc7 46. Ne3
Qxf4+ 47. Ke2 Nf6 48. Qe7+ Kg6 49. Qxf6+ Kxf6 50. Nxd5+ Kg5
51. Nxf4 Kxf4 52. Kf2 Kg5 53. g3 hxg3+ 54. Kxg3 f4+ 55. Kf2
Kh4 56. d5 Kxh3 57. d6 e3+ 58. Kf3 e2 59. Kxe2 Kg2 60. d7 f3+
61. Kd2 f2 62. d8=Q f1=Q 63. Qd5+ Kh2 64. Qd6+ Kg2 65. Qg6+
Kh2 66. Qh7+ Kg1 67. Qh4 Qg2+ 68. Ke3 Qg6 69. Qf2+ Kh1
70. Qf3+ Kg1 71. Qe4 Qg5+ 72. Kd3 Qa5 73. Qe3+ Kh1 74. Qc1+
Kg2 75. Qd2+ Kf3 76. Qxa5 1/2-1/2

[Event "Russian Team Championship (Women)"]
[Site "Sochi RUS"]
[Date "2016.05.03"]
[EventDate "2016.05.01"]
[Round "3.1"]
[Result "1-0"]
[White "Anna Ushenina"]
[Black "Alisa Galliamova"]
[WhiteElo "2450"]
[BlackElo "2475"]
[PlyCount "77"]

1. d4 d5 2. c4 c6 3. Nf3 Nf6 4. Nc3 e6 5. Bg5 h6 6. Bh4 g5
7. Bg3 dxc4 8. e4 b5 9. Be2 Bb7 10. Qc2 Nbd7 11. Nd2 Qb6
12. Rd1 c5 13. d5 e5 14. a4 a6 15. axb5 axb5 16. b3 cxb3
17. Qxb3 b4 18. Nc4 Qd8 19. Nb5 Nxe4 20. Nxe5 Bg7 21. Nc6 Qf6
22. Nc7+ Kf8 23. Nxa8 Qc3+ 24. Qxc3 Bxc3+ 25. Kf1 Nxg3+
26. hxg3 Bxa8 27. Bb5 Kg7 28. g4 Nb6 29. Ne7 Bf6 30. Nf5+ Kg6
31. Ne3 Bd4 32. Bd3+ Kf6 33. d6 Bxe3 34. fxe3 Bd5 35. Bf5 Ke5
36. d7 Rd8 37. Rxh6 Nxd7 38. e4 Nb6 39. Rxb6 1-0

[Event "Russian Team Championship (Women)"]
[Site "Sochi RUS"]
[Date "2016.05.07"]
[EventDate "2016.05.01"]
[Round "6.4"]
[Result "0-1"]
[White "Anna Ushenina"]
[Black "Anastasia Travkina"]
[WhiteElo "2450"]
[BlackElo "2255"]
[PlyCount "114"]

1. e4 e5 2. Nf3 Nc6 3. Bb5 g6 4. c3 Bg7 5. d4 exd4 6. cxd4 a6
7. Ba4 b5 8. Bc2 d6 9. d5 Na5 10. Nbd2 Ne7 11. O-O O-O 12. Rb1
c5 13. b3 c4 14. Re1 f5 15. Nf1 f4 16. h3 c3 17. N1h2 Ra7
18. Nd4 Qb6 19. Nhf3 g5 20. Qd3 Ng6 21. Qxc3 g4 22. hxg4 Bxg4
23. Qd3 Rc7 24. Bb2 Bxf3 25. Nxf3 Bxb2 26. Rxb2 b4 27. Bd1 Rg7
28. Rc2 Qd8 29. Qxa6 Nb7 30. Qc4 Nc5 31. e5 Nh4 32. Nxh4 Qxh4
33. Bf3 Rg6 34. e6 Rh6 35. Kf1 Rf5 36. Ke2 Qf6 37. Kd2 Re5
38. Rxe5 Qxe5 39. Qxb4 Rh1 40. Rc1 Qb2+ 41. Rc2 Qa1 42. Rxc5
Qe1+ 43. Kc2 Qxb4 44. Rc8+ Kg7 45. e7 Ra1 46. Ra8 Qc5+ 47. Kd3
Qb5+ 48. Kd2 Qb4+ 49. Kc2 Qc5+ 50. Kd3 Re1 51. e8=Q Rxe8
52. Rxe8 Qb5+ 53. Kc3 Qxe8 54. a4 Qc8+ 55. Kd4 Qc5+ 56. Kd3
Kf6 57. Ke4 Qb4+ 0-1

[Event "Russian Team Championship (Women)"]
[Site "Sochi RUS"]
[Date "2016.05.09"]
[EventDate "2016.05.01"]
[Round "8.3"]
[Result "1/2-1/2"]
[White "Anna Ushenina"]
[Black "Aleksandra Goryachkina"]
[WhiteElo "2450"]
[BlackElo "2485"]
[PlyCount "99"]

1. d4 d5 2. c4 c6 3. Nf3 Nf6 4. Nc3 e6 5. Bg5 Nbd7 6. cxd5
exd5 7. e3 Be7 8. Qc2 Nh5 9. Bxe7 Qxe7 10. h3 Nb6 11. O-O-O
Be6 12. Bd3 O-O-O 13. Nd2 Nf6 14. Nb3 Kb8 15. Kb1 Ne8 16. Rhe1
Nd6 17. Nc5 Bc8 18. a4 Ndc4 19. Ka2 Nd7 20. Nxd7+ Rxd7 21. e4
Qb4 22. e5 Na5 23. Ne2 Rc7 24. b3 c5 25. dxc5 d4 26. Qb2 Nxb3
27. Qa3 Qxa3+ 28. Kxa3 Nxc5 29. Nxd4 Rd8 30. Be2 Rcd7 31. Nb5
Nd3 32. Bxd3 Rxd3+ 33. Rxd3 Rxd3+ 34. Kb4 Rd2 35. Rf1 Bd7
36. g4 Rd3 37. f4 Rxh3 38. Rd1 Bxb5 39. axb5 Re3 40. Rd8+ Kc7
41. Rg8 Kb6 42. Rxg7 Re4+ 43. Kc3 Rxf4 44. Rxh7 Kxb5 45. e6
fxe6 46. Rxb7+ Kc6 47. Rxa7 Rxg4 48. Kd3 Kd6 49. Ke3 Ke5
50. Ra5+ 1/2-1/2

[Event "Russian Team Championship (Women)"]
[Site "Sochi RUS"]
[Date "2016.05.10"]
[EventDate "2016.05.01"]
[Round "9.2"]
[Result "1-0"]
[White "Anastasia Bodnaruk"]
[Black "Anna Ushenina"]
[WhiteElo "2475"]
[BlackElo "2450"]
[PlyCount "73"]

1. e4 c5 2. b3 b6 3. d4 cxd4 4. Qxd4 Nc6 5. Qd2 Nf6 6. Nc3 e6
7. a3 a6 8. Nf3 Qc7 9. Bb2 d6 10. O-O-O Bb7 11. Bd3 Be7
12. Kb1 Ne5 13. Nd4 O-O 14. f4 Nxd3 15. cxd3 b5 16. g4 b4
17. axb4 d5 18. e5 Nd7 19. Na4 Rac8 20. Rhe1 Bc6 21. Rc1 Qb7
22. Nc5 Qb6 23. f5 Nxc5 24. bxc5 Bxc5 25. f6 gxf6 26. Qh6 Rfe8
27. exf6 Bf8 28. Qg5+ Kh8 29. Nxe6 h6 30. Qf4 Rxe6 31. Rxe6
fxe6 32. f7+ Kh7 33. g5 Qxb3 34. g6+ Kxg6 35. Rg1+ Kh7 36. Qg3
Qxb2+ 37. Kxb2 1-0

[Event "European Individual Championship (Women)"]
[Site "Mamaia ROU"]
[Date "2016.05.27"]
[EventDate "2016.05.27"]
[Round "1.9"]
[Result "1-0"]
[White "Anna Ushenina"]
[Black "Keti Tsatsalashvili"]
[WhiteElo "2450"]
[BlackElo "2278"]
[PlyCount "103"]

1. Nf3 d5 2. g3 Nf6 3. Bg2 c6 4. O-O Bf5 5. d3 e6 6. Nh4 Bg4
7. h3 Bh5 8. Be3 Be7 9. c3 Nfd7 10. Nf3 O-O 11. c4 Na6
12. Nbd2 h6 13. a3 Bf6 14. Rb1 e5 15. cxd5 cxd5 16. Nb3 Rc8
17. Nh2 Ndc5 18. Ng4 Bxg4 19. hxg4 Qd7 20. Nxc5 Nxc5 21. d4
Na4 22. dxe5 Bxe5 23. Qxd5 Qxd5 24. Bxd5 b5 25. Bxa7 Bxb2
26. e4 Rc2 27. Bb3 Rc7 28. Bxa4 Rxa7 29. Bxb5 Bxa3 30. Bc4 Rc8
31. Bd5 Rac7 32. Kg2 Bd6 33. Rfd1 Be5 34. Rb5 Rc5 35. Rb7 R5c7
36. Rdb1 Kf8 37. f4 Bd4 38. e5 Ke7 39. Kf3 Bc3 40. Ke4 Ba5
41. Rxc7+ Rxc7 42. Rb8 Ra7 43. Rg8 Be1 44. Bc6 f5+ 45. Kxf5
g6+ 46. Rxg6 Ra6 47. Rxh6 Bxg3 48. Re6+ Kd8 49. g5 Ra1 50. g6
Rf1 51. g7 Rxf4+ 52. Kg5 1-0

[Event "European Individual Championship (Women)"]
[Site "Mamaia ROU"]
[Date "2016.05.28"]
[EventDate "2016.05.27"]
[Round "2.5"]
[Result "1/2-1/2"]
[White "Ana Matnadze"]
[Black "Anna Ushenina"]
[WhiteElo "2332"]
[BlackElo "2450"]
[PlyCount "65"]

1. d4 Nf6 2. Nf3 g6 3. g3 Bg7 4. Bg2 O-O 5. c4 d6 6. O-O Nc6
7. Nc3 e5 8. dxe5 dxe5 9. Bg5 Be6 10. Qa4 Qc8 11. Rfd1 Nd7
12. Nd5 e4 13. Nd2 Nb6 14. Qxc6 Bxd5 15. Qc5 Bc6 16. Nxe4 Na4
17. Qe7 Nxb2 18. Nf6+ Kh8 19. Rd4 Qf5 20. Rh4 h5 21. f4 Qe6
22. Qxe6 fxe6 23. Bxc6 Bxf6 24. Bxf6+ Rxf6 25. Bxb7 Rd8
26. Rc1 c5 27. Bf3 Kg7 28. Rc2 Nd1 29. e4 Ne3 30. Rc3 Nd1
31. Rc1 Nb2 32. Rc2 Nd1 33. Rc1 1/2-1/2

[Event "European Individual Championship (Women)"]
[Site "Mamaia ROU"]
[Date "2016.05.29"]
[EventDate "2016.05.27"]
[Round "3.12"]
[Result "1/2-1/2"]
[White "Anna Ushenina"]
[Black "Marina Brunello"]
[WhiteElo "2450"]
[BlackElo "2336"]
[PlyCount "150"]

1. d4 d5 2. c4 c6 3. Nf3 Nf6 4. Nc3 e6 5. e3 Nbd7 6. Qc2 Bd6
7. Bd3 O-O 8. O-O h6 9. b3 e5 10. cxd5 cxd5 11. Nb5 Bb8
12. dxe5 Nxe5 13. Nxe5 Bxe5 14. Bb2 Bxb2 15. Qxb2 Bd7 16. Nd4
Rc8 17. h3 Qb6 18. Rfd1 Rc7 19. Rd2 Qb4 20. Rad1 Rfc8 21. Bb1
a6 22. Ne2 Be6 23. Qd4 Qxd4 24. Nxd4 Kf8 25. f3 Rc1 26. Kf2
Ke7 27. g4 Ne8 28. Ne2 Rxd1 29. Rxd1 a5 30. h4 Rc5 31. Nd4 f6
32. Ke2 Nc7 33. Bd3 Bd7 34. Kd2 b6 35. Rg1 Ne6 36. Nf5+ Kf8
37. f4 Nd8 38. Nd4 Ne6 39. Nf3 Kf7 40. g5 hxg5 41. fxg5 Rc8
42. h5 Rh8 43. Bg6+ Ke7 44. gxf6+ gxf6 45. Rc1 Kd6 46. Nd4 Ng7
47. Ne2 Bf5 48. Rf1 Ke5 49. Nf4 Rh6 50. Bf7 Be4 51. Rg1 Nf5
52. Rg8 Nd6 53. Bg6 d4 54. Nd3+ Bxd3 55. Kxd3 dxe3 56. Kxe3
Nf5+ 57. Kf3 Ne7 58. Rb8 Nxg6 59. hxg6 Rxg6 60. Rxb6 Rg5
61. Ra6 Kd4 62. Rxf6 Kc3 63. Rb6 a4 64. bxa4 Ra5 65. Rb3+ Kc4
66. Re3 Rxa4 67. a3 Ra8 68. Ke2 Rd8 69. Re7 Ra8 70. Re3 Rd8
71. a4 Kb4 72. Re4+ Ka5 73. Ke3 Rd7 74. Rd4 Rxd4 75. Kxd4 Kxa4
1/2-1/2

[Event "European Individual Championship (Women)"]
[Site "Mamaia ROU"]
[Date "2016.05.30"]
[EventDate "2016.05.27"]
[Round "4.11"]
[Result "1/2-1/2"]
[White "Evgenija Ovod"]
[Black "Anna Ushenina"]
[WhiteElo "2329"]
[BlackElo "2450"]
[PlyCount "64"]

1. d4 e6 2. Nf3 Nf6 3. e3 d5 4. Bd3 c5 5. b3 Nc6 6. O-O Bd6
7. Bb2 O-O 8. a3 b6 9. Nbd2 Bb7 10. Ne5 Qc7 11. f4 Ne7 12. c4
Rad8 13. Qc2 Qb8 14. Rae1 Qa8 15. cxd5 exd5 16. dxc5 bxc5
17. Nef3 d4 18. exd4 Ng6 19. f5 Nf4 20. Ne4 Nxd3 21. Nxf6+
gxf6 22. Qxd3 cxd4 23. Bxd4 Bc5 24. Qc3 Bxd4+ 25. Nxd4 Bxg2
26. Rf4 Kh8 27. Nf3 Bxf3 28. Qxf6+ Kg8 29. Qg5+ Kh8 30. Qf6+
Kg8 31. Qg5+ Kh8 32. Qf6+ Kg8 1/2-1/2

[Event "European Individual Championship (Women)"]
[Site "Mamaia ROU"]
[Date "2016.05.31"]
[EventDate "2016.05.27"]
[Round "5.16"]
[Result "1-0"]
[White "Anna Ushenina"]
[Black "Sopiko Khukhashvili"]
[WhiteElo "2450"]
[BlackElo "2355"]
[PlyCount "105"]

1. e4 e6 2. d4 d5 3. Nd2 dxe4 4. Nxe4 Nd7 5. Nf3 Ngf6 6. Nxf6+
Nxf6 7. c3 Be7 8. Bd3 O-O 9. O-O b6 10. Qe2 Bb7 11. Bg5 h6
12. Bf4 c5 13. dxc5 Bxc5 14. Rad1 Qc8 15. Ne5 Rd8 16. Bg3 Nd7
17. Nf3 Be7 18. Nd4 Nc5 19. Bb1 Bf6 20. Rfe1 g6 21. Be5 Bxe5
22. Qxe5 Rd5 23. Qf4 Qb8 24. Qe3 Qc7 25. c4 Rg5 26. f3 Rh5
27. g3 e5 28. Nb5 Qc6 29. b4 Qxf3 30. Qxf3 Bxf3 31. bxc5 Bxd1
32. Rxd1 bxc5 33. Be4 Rb8 34. Rd2 Rg5 35. Nxa7 Rb4 36. Bd5 e4
37. Nc6 e3 38. Re2 Rb1+ 39. Kg2 Kg7 40. Kf3 Rf5+ 41. Kxe3 Ra1
42. Kd3 Rff1 43. Na5 Rfd1+ 44. Kc3 Rdc1+ 45. Kb3 Rd1 46. Ka4
Re1 47. Rg2 Re7 48. Kb5 Ra7 49. Kb6 Re7 50. Kxc5 f5 51. Nb3
Rb1 52. Kd6 Kf6 53. c5 1-0

[Event "European Individual Championship (Women)"]
[Site "Mamaia ROU"]
[Date "2016.06.01"]
[EventDate "2016.05.27"]
[Round "6.5"]
[Result "1-0"]
[White "Anna Ushenina"]
[Black "Cristina-Adela Foisor"]
[WhiteElo "2450"]
[BlackElo "2322"]
[PlyCount "163"]

1. e4 c6 2. d4 d5 3. e5 g6 4. h4 h5 5. c3 Nh6 6. Bf4 a5 7. Nf3
Na6 8. Na3 Nc7 9. Nc2 Bg4 10. Ne3 Ne6 11. Bh2 Qb6 12. Rb1 Nf5
13. Nxg4 hxg4 14. Nd2 Rxh4 15. g3 Rh7 16. Qxg4 Bh6 17. Nf3
O-O-O 18. Bd3 Rdh8 19. Kf1 Kd8 20. Bg1 Nfg7 21. Ne1 Nf8
22. Qf3 Nge6 23. Rh4 Qc7 24. Nc2 Qd7 25. Qg4 Ng7 26. Qxd7+
Kxd7 27. Kg2 Nfe6 28. f3 Nf5 29. Rh3 Bf8 30. Rxh7 Rxh7 31. Rd1
Rh8 32. Bf2 Kc7 33. f4 Kd7 34. Ne1 Kc7 35. Nc2 Kd7 36. Ne3
Nxe3+ 37. Bxe3 Ng7 38. g4 e6 39. b3 Kc7 40. c4 Be7 41. Rc1 Kb8
42. Bd2 Bb4 43. Be3 Be7 44. Bf2 Ba3 45. Rc2 Be7 46. Bg3 Bh4
47. Bh2 Bd8 48. Rc1 Rh4 49. Be2 Bb6 50. Rd1 Bd8 51. Bg3 Rh8
52. Be1 Ka7 53. a3 Kb8 54. Rc1 Bb6 55. c5 Bd8 56. b4 axb4
57. axb4 f5 58. exf6 Bxf6 59. Bf2 g5 60. fxg5 Bxg5 61. Bg3+
Kc8 62. Ra1 Ne8 63. Ra8+ Kd7 64. Rb8 Bd8 65. Rxb7+ Bc7 66. b5
cxb5 67. Bxb5+ Kc8 68. Ba6 Kd7 69. Ra7 Kc6 70. Bc8 Rh7
71. Bxe6 Re7 72. Bc8 Kb5 73. g5 Rg7 74. Ba6+ Kb4 75. Be1+ Kb3
76. Bb5 Bd8 77. Rxg7 Nxg7 78. g6 Bf6 79. Bd7 Bxd4 80. c6 Bb6
81. Bg3 d4 82. Be5 1-0

[Event "European Individual Championship (Women)"]
[Site "Mamaia ROU"]
[Date "2016.06.03"]
[EventDate "2016.05.27"]
[Round "7.5"]
[Result "0-1"]
[White "Ekaterina Polovnikova-Atalik"]
[Black "Anna Ushenina"]
[WhiteElo "2408"]
[BlackElo "2450"]
[PlyCount "196"]

1. d4 Nf6 2. c4 e6 3. Nf3 b6 4. g3 Bb7 5. Bg2 Be7 6. O-O O-O
7. Nc3 Ne4 8. Bd2 f5 9. Ne5 d6 10. Nd3 Nxc3 11. Bxc3 Bxg2
12. Kxg2 Bf6 13. Rc1 Qe7 14. Re1 Nd7 15. e4 fxe4 16. Rxe4 Qf7
17. Qg4 e5 18. d5 Bg5 19. Rce1 Nf6 20. Qf5 Nxe4 21. Qxe4 Qf5
22. h4 Qxe4+ 23. Rxe4 Bh6 24. Kf1 Rf7 25. Ke2 a5 26. a4 Rc8
27. g4 g6 28. g5 Bg7 29. Bd2 Rcf8 30. Be3 Rf3 31. Kf1 Kf7
32. Kg2 Rf5 33. Nc1 Ke7 34. Ne2 Kd7 35. b3 R5f7 36. h5 gxh5
37. Ng3 Rg8 38. Rh4 Bf8 39. Rxh5 Be7 40. Ne4 c6 41. dxc6+ Kxc6
42. Kf1 d5 43. cxd5+ Kxd5 44. Nc3+ Kc6 45. Ke2 Bc5 46. Ne4 Be7
47. Rh1 Rg6 48. Rc1+ Kd5 49. Nc3+ Kc6 50. Ne4+ Kb7 51. Rd1 Kc7
52. Rd5 Re6 53. Rd1 Rf8 54. Rh1 Rf7 55. Rd1 Bd8 56. Rd5 Rd7
57. Rb5 Kc6 58. Nf6 Rb7 59. Ng4 Bc7 60. Kd3 e4+ 61. Kc4 Rb8
62. Rf5 Rd8 63. Rf7 Kb7 64. Rf6 Rc6+ 65. Rxc6 Kxc6 66. Nf6 Be5
67. Nxe4 Rf8 68. Kd3 Rf5 69. Nc3 Rf7 70. Ne4 Bf4 71. Bd4 Rf5
72. Bf6 Be5 73. Bxe5 Rxe5 74. f4 Rf5 75. Ke3 Kd5 76. Nc3+ Ke6
77. Nb5 Rc5 78. Ke4 Rc1 79. f5+ Ke7 80. Nd4 Rg1 81. Kf4 Kf7
82. Nf3 Rb1 83. Nd4 Ke7 84. Ke5 Rg1 85. Kf4 Kd6 86. f6 Rf1+
87. Ke4 Rf2 88. Nb5+ Ke6 89. Nd4+ Kf7 90. Ke5 Kg6 91. Ne6 Rf3
92. Kd6 Kf7 93. Nd8+ Ke8 94. Nc6 Rxb3 95. Ne5 Re3 96. Ke6 Kf8
97. Kf5 Re1 98. Ke6 Re4 0-1